На зболених крилах любові (Запис № 340697)

МАРК-запис
000 -LEADER
fixed length control field 00816nam a22002417a 4500
001 - CONTROL NUMBER
control field 54129
003 - CONTROL NUMBER IDENTIFIER
control field UA-OsUOA
005 - DATE AND TIME OF LATEST TRANSACTION
control field 20220912103957.0
007 - PHYSICAL DESCRIPTION FIXED FIELD--GENERAL INFORMATION
fixed length control field ta
008 - FIXED-LENGTH DATA ELEMENTS--GENERAL INFORMATION
fixed length control field 20080526b un ||||| |||| 00| 0 ukr d
040 ## - CATALOGING SOURCE
Original cataloging agency UA-OsUOA
Language of cataloging ukr
Transcribing agency UA-OsUOA
Modifying agency UA-OsUOA
041 ## - LANGUAGE CODE
Language code of text/sound track or separate title ukr
080 ## - UNIVERSAL DECIMAL CLASSIFICATION NUMBER
Universal Decimal Classification number 82-92
090 ## - LOCALLY ASSIGNED LC-TYPE CALL NUMBER (OCLC); LOCAL CALL NUMBER (OCLC)
Classification number (OCLC) (R) ; Classification number, CALL (RLIN) (NR) 82-92
Local cutter number (OCLC) ; Book number/undivided call number, CALL (RLIN) Н12
245 ## - TITLE STATEMENT
Title На зболених крилах любові
Remainder of title художньо-публіцистична повість
Statement of responsibility, etc упоряд. С. М. Лелях
260 ## - PUBLICATION, DISTRIBUTION, ETC. (IMPRINT)
Place of publication, distribution, etc Нетішин
Date of publication, distribution, etc 2007
Name of publisher, distributor, etc Свинарчук Р. В.
300 ## - PHYSICAL DESCRIPTION
Extent 704 с.
Type of unit іл.
650 #7 - SUBJECT ADDED ENTRY--TOPICAL TERM
Topical term or geographic name as entry element 82 Література. Літературознавство
Source of heading or term UDC
700 1# - ADDED ENTRY--PERSONAL NAME
Personal name Лелях С. М.
Relator term упоряд.
942 ## - ADDED ENTRY ELEMENTS (KOHA)
Koha item type Книги
Source of classification or shelving scheme Universal Decimal Classification
955 ## - COPY-LEVEL INFORMATION (RLIN)
Classification number, CCAL (RLIN) Літературно-художні видання
Фонди
Withdrawn status Lost status Source of classification or shelving scheme Damaged status Not for loan Home library Current library Date acquired Source of acquisition Cost, normal purchase price Inventory number Total Checkouts Full call number Barcode Date last seen Price effective from Koha item type
    Universal Decimal Classification     АБ - Абонемент НБ АБ - Абонемент НБ 26/05/2008 66/2008 28.00 113428   82-92 Н12 113428 10/02/2022 26/05/2008 Книги
    Universal Decimal Classification     АБ - Абонемент НБ АБ - Абонемент НБ 28/01/2009 19/2009 33.00 118894   82-92 Н12 118894 10/02/2022 28/01/2009 Книги
    Universal Decimal Classification     АБ - Абонемент НБ АБ - Абонемент НБ 28/01/2009 19/2009 33.00 118895   82-92 Н12 118895 10/02/2022 28/01/2009 Книги